| 000 | 00433nam a22001817a 4500 | ||
|---|---|---|---|
| 003 | MPLRDC | ||
| 005 | 20220104165343.0 | ||
| 008 | 210129b ||||| |||| 00| 0 eng d | ||
| 020 | _a978-0-470-28965-5 | ||
| 082 | _a563 TYS | ||
| 100 | _aERIC TYSON | ||
| 245 |
_aINVESTING FOR DUMMIES _c |
||
| 250 | _a5TH ED. | ||
| 260 |
_aU.S.A. _bWILEY PUBLISHING INC _c2008 |
||
| 300 | _b406 | ||
| 650 | _aINVESTMENT | ||
| 942 |
_cBK _o563 TYS |
||
| 999 |
_c57416 _d57406 |
||